The aryamanjusrimulakalpa (part.3)/ (Record no. 3145)
[ view plain ]
| 000 -LEADER | |
|---|---|
| fixed length control field | 00391nam a22001571a 4500 |
| 020 ## - INTERNATIONAL STANDARD BOOK NUMBER | |
| ISBN | 9788170301820 |
| 082 ## - DEWEY DECIMAL CLASSIFICATION NUMBER | |
| Classification number | S 294.385 |
| Item number | GAN/A |
| 245 ## - TITLE STATEMENT | |
| Title | The aryamanjusrimulakalpa (part.3)/ |
| Statement of responsibility, etc | by Ganapati Shastri T (ed.) |
| 250 ## - EDITION STATEMENT | |
| Edition statement | 2nd ed. |
| 260 ## - PUBLICATION, DISTRIBUTION, ETC. (IMPRINT) | |
| Place of publication | New Delhi: |
| Name of publisher | Sri Satguru, |
| Year of publication | 1989. |
| 650 ## - SUBJECT ADDED ENTRY--TOPICAL TERM | |
| Topical Term | Buddhist Tantras |
| 650 ## - SUBJECT ADDED ENTRY--TOPICAL TERM | |
| Topical Term | Buddhism |
| 650 ## - SUBJECT ADDED ENTRY--TOPICAL TERM | |
| Topical Term | Religion |
| 942 ## - ADDED ENTRY ELEMENTS (KOHA) | |
| Koha item type | Book |
| 942 ## - ADDED ENTRY ELEMENTS (KOHA) | |
| Koha item type | Reference |
| Withdrawn status | Lost status | Damaged status | Not for loan | Permanent Location | Current Location | Date acquired | Cost, normal purchase price | Full call number | Accession Number | Cost, replacement price | Price effective from | Koha item type |
|---|---|---|---|---|---|---|---|---|---|---|---|---|
| Sree Sankaracharya University of Sanskrit | Sree Sankaracharya University of Sanskrit | 08.01.2015 | 300.00 | S 294.385 GAN/A | 022705 | 0.00 | 08.01.2015 | Book | ||||
| Sree Sankaracharya University of Sanskrit | Sree Sankaracharya University of Sanskrit | 08.01.2015 | 300.00 | S 294.385 GAN/A | 022706 | 0.00 | 08.01.2015 | Book | ||||
| Sree Sankaracharya University of Sanskrit | Sree Sankaracharya University of Sanskrit | 08.01.2015 | 300.00 | S 294.385 GAN/A | 022707 | 0.00 | 08.01.2015 | Book | ||||
| Sree Sankaracharya University of Sanskrit | Sree Sankaracharya University of Sanskrit | 08.01.2015 | 300.00 | R S 294.385 GAN/A | 022704 | 0.00 | 08.01.2015 | Reference |